000 00352nam a2200157Ia 4500
008 160316s1973 xxu||||| |||| 00| 0 eng d
082 _a0.000000
_bPAT
100 _aPatwardhan M V
245 _aManuwada : The Hindu socialistic democracy
250 _a
260 _a
_b
_c1973
300 _a169
_b
_c
365 _bRs.22
650 _a
700 _a
_a
999 _c3296
_d3296